Quiz o Syberii - Statystyki

Ogólne statystyki
  • Ten quiz został rozwiązany 22 razy
  • Średni wynik to 10 z 15
Statystyki odpowiedzi
Pytanie Odpowiedź % Poprawnych
Państwa graniczące z Syberią (oprócz powyższego) Chiny
100%
Syberia należy do jakiego państwa? Rosja
100%
Państwa graniczące z Syberią (oprócz powyższego) Mongolia
95%
Państwa graniczące z Syberią (oprócz powyższego) Kazachstan
90%
Ocean graniczący z Syberią na wschodzie Spokojny
90%
Największe jezioro znajdujące się na Syberii Bajkał
86%
Pasmo górskie dzielące państwo z drugiego pytania od Syberii Ural
81%
Półwysep na wschodzie Syberii. Znajduje się tam ponad 160 wulkanów z czego 28 jest aktywnych Kamczatka
76%
Najdłuższa kolej przebiegająca przez Syberię Transsyberyjska
76%
Miasto na Syberii uważane za najzimniejsze Jakuck
67%
Rasa psów pochodząca z Syberii Husky
57%
Stolica Nowosybirsk
57%
Procent ludności państwa z drugiego pytania mieszkająca na Syberii 25
38%
Katastrofa z 30 czerwca 1908 roku na Syberii za którą odpowiedzialna była asteroida Tunguska
24%
Największa wyspa Bolszewicka
0%
Nie znaleziono quizów pasujących do podanych kryteriów
Rozkład punktacji
Procent ludzi z każdym wynikiem
Percentyl według liczby udzielonych odpowiedzi
Twoja historia wyników
Nie rozwiązałeś tego quizu